Переходные процессы в массивном магнитопроводе электромагнитного привода фрикционных механизмов; Известия Томского политехнического университета [Известия ТПУ]; Т. 314, № 4: Энергетика
| Parent link: | Известия Томского политехнического университета [Известия ТПУ]/ Томский политехнический университет (ТПУ).— , 2000- Т. 314, № 4: Энергетика.— 2009.— [С. 79-84] |
|---|---|
| Autor principal: | |
| Sumari: | Заглавие с титульного листа Электронная версия печатной публикации Приводятся результаты экспериментальных и теоретических исследований процесса проникновения электромагнитной волны в сплошной сердечник управляющего электромагнита фрикционных муфт и тормозов. Получены аналитические выражения, позволяющие вычислять величину вихревого тока, наводимого в сердечнике в переходных режимах работы |
| Idioma: | rus |
| Publicat: |
2009
|
| Col·lecció: | Энергетика |
| Matèries: | |
| Accés en línia: | http://www.lib.tpu.ru/fulltext/v/Bulletin_TPU/2009/v314/i4/19.pdf |
| Format: | MixedMaterials Electrònic Capítol de llibre |
| KOHA link: | https://koha.lib.tpu.ru/cgi-bin/koha/opac-detail.pl?biblionumber=175300 |
MARC
| LEADER | 00000nla2a2200000 4500 | ||
|---|---|---|---|
| 001 | 175300 | ||
| 005 | 20231031165032.0 | ||
| 035 | |a (RuTPU)RU\TPU\book\190073 | ||
| 035 | |a RU\TPU\book\190013 | ||
| 090 | |a 175300 | ||
| 100 | |a 20100211d2009 k y0rusy50 ca | ||
| 101 | 0 | |a rus | |
| 102 | |a RU | ||
| 135 | |a drnn ---uucaa | ||
| 181 | 0 | |a i | |
| 182 | 0 | |a b | |
| 200 | 1 | |a Переходные процессы в массивном магнитопроводе электромагнитного привода фрикционных механизмов |b Электронный ресурс |f Ж. Т. Галбаев | |
| 203 | |a Текст |c электронный | ||
| 215 | |a 1 файл (423 Кб) | ||
| 225 | 1 | |a Энергетика | |
| 230 | |a Электронные текстовые данные (1 файл : 423 Кб) | ||
| 300 | |a Заглавие с титульного листа | ||
| 300 | |a Электронная версия печатной публикации | ||
| 330 | |a Приводятся результаты экспериментальных и теоретических исследований процесса проникновения электромагнитной волны в сплошной сердечник управляющего электромагнита фрикционных муфт и тормозов. Получены аналитические выражения, позволяющие вычислять величину вихревого тока, наводимого в сердечнике в переходных режимах работы | ||
| 337 | |a Adobe Reader | ||
| 461 | 1 | |0 (RuTPU)RU\TPU\book\176237 |t Известия Томского политехнического университета [Известия ТПУ] |f Томский политехнический университет (ТПУ) |d 2000- | |
| 463 | 1 | |0 (RuTPU)RU\TPU\book\189963 |t Т. 314, № 4: Энергетика |v [С. 79-84] |d 2009 |p 169 с. | |
| 610 | 1 | |a ферромагнитные сердечники | |
| 610 | 1 | |a вихревые токи | |
| 610 | 1 | |a режимы работы | |
| 610 | 1 | |a электромагнитные волны | |
| 610 | 1 | |a магнитная индукция | |
| 610 | 1 | |a электронный ресурс | |
| 700 | 1 | |a Галбаев |b Ж. Т. | |
| 801 | 1 | |a RU |b 63413507 |c 20090623 |g PSBO | |
| 801 | 2 | |a RU |b 63413507 |c 20211214 |g PSBO | |
| 856 | 4 | |u http://www.lib.tpu.ru/fulltext/v/Bulletin_TPU/2009/v314/i4/19.pdf | |
| 942 | |c CF | ||